000 00340 a2200121 4500
090 _c1322
_d1322
100 _aJilani, Ghulam
245 _aMan Management in changing society of Pakistan
_bA Psychological approach
260 _aLahore
_bPublishers United Ltd
_c1976
300 _a285 p.
500 _aHardcover
942 _aNBS
_cBK
_k301.1 JIL
999 _c343844
_d343844